El delito de manejar en estado de ebriedad: aspectos penales, criminológicos y médico-legales. Doctrina, jurisprudencia y Derecho comparado
Spremljeno u:
| Glavni autor: | |
|---|---|
| Format: | Knjiga |
| Jezik: | španjolski |
| Izdano: |
Santiago, Chile
Jurídica de Chile
2016
|
| Izdanje: | Cuarta edición |
| Teme: | |
| Oznake: |
Dodaj oznaku
Bez oznaka, Budi prvi tko označuje ovaj zapis!
|
MARC
| LEADER | 00000cam a2200000 a 4500 | ||
|---|---|---|---|
| 001 | UCD6573 | ||
| 003 | CL-VaPUC | ||
| 005 | 20240502113610.0 | ||
| 008 | 161223e20160000cl |||||||||||||||||spa|d | ||
| 999 | |c 366856 |d 366854 | ||
| 020 | |a 9789561024120 | ||
| 040 | |c Pontificia Universidad Católica de Valparaíso | ||
| 082 | 0 | 4 | |a 346.032 SIL 2016 |2 21 |
| 100 | |a Silva Silva, Hernán |e autor |9 590431 | ||
| 245 | 1 | 3 | |a El delito de manejar en estado de ebriedad: aspectos penales, criminológicos y médico-legales. Doctrina, jurisprudencia y Derecho comparado |
| 250 | |a Cuarta edición | ||
| 260 | 0 | 3 | |a Santiago, Chile |b Jurídica de Chile |c 2016 |
| 300 | |a 573 páginas | ||
| 583 | |a last modification |c 20161223 10:00:00 |k Rodrigo Vera | ||
| 650 | 0 | |a Accidentes |9 351162 | |
| 650 | 0 | |a Alcoholemia |9 448991 | |
| 650 | 7 | |a ESTADO DE EBRIEDAD |2 CL-VaPUC |9 448993 | |
| 650 | 7 | |a LEY DE ALCOHOLES |2 CL-VaPUC |9 371899 | |
| 942 | |c BK |2 ddc | ||
| 945 | |d 20161223 10:00:00 |a dcastane | ||
| 952 | |0 0 |1 0 |2 ddc |3 erb |4 0 |6 346_032000000000000_SIL_2016 |7 0 |8 A |9 481446 |a BIBDER |b BIBDER |i 5357403 |o 346.032 SIL 2016 |p 5357403 |r 2023-01-25 |t 1 |w 2019-11-24 |y BK |z Catalogado en:20161223 |k DER | ||